Nhân học

Guardat en:
Dades bibliogràfiques
Autor principal: Thiết Nguyên
Format: Llibre
Idioma:Undetermined
Publicat: Hà Nội Văn hóa Thông tin 1999
Matèries:
Etiquetes: Afegir etiqueta
Sense etiquetes, Sigues el primer a etiquetar aquest registre!
Thư viện lưu trữ: Trung tâm Học liệu Trường Đại học Cần Thơ
LEADER 00565nam a2200193Ia 4500
001 CTU_37246
008 210402s9999 xx 000 0 und d
020 |b 32.000đ 
082 |a 155.2 
082 |b Th308 
100 |a Thiết Nguyên 
245 0 |a Nhân học 
245 0 |c Thiết Nguyên, Nguyễn Văn Mậu biên dịch 
260 |a Hà Nội 
260 |b Văn hóa Thông tin 
260 |c 1999 
650 |a motivation ( psychology ),personality 
904 |i Minh, 000703 
980 |a Trung tâm Học liệu Trường Đại học Cần Thơ